000 00541nam a2200181Ia 4500
008 100921s9999 xx 000 0 und d
082 _b19892
_a808.068 थ 84
100 _aText1
245 _aनंदनार.
260 _bशिल्पा प्रकाशन,पुणे.
_c1984
300 _a56
_b---
365 _b10
520 _aललित-बालवाङ्रमय.
630 _aनंदनार.
650 _aललित-बालवाङ्रमय.
730 _aनंदनार.
942 _cBOOK
999 _c769005
_d769002